Microeconomic: theory

Uloženo v:
Podrobná bibliografie
Hlavní autoři: Mas-Colell, Andreu (autor), Whinston, Michael D (Autor), Green, Jerry R (Autor)
Médium: Kniha
Jazyk:angličtina
Vydáno: Nueva York Oxford University Press 1995
Vydání:1a. ed
Témata:
Tagy: Přidat tag
Žádné tagy, Buďte první, kdo vytvoří štítek k tomuto záznamu!

MARC

LEADER 00000cam a2200000 a 4500
001 UCC6587
003 CL-VaPUC
008 181220e19950000us |||||||||||||||||eng|d
020 |a 9780195073409 
082 0 4 |a 338.521  |b MAS  |2 21 
100 |a Mas-Colell, Andreu  |e autor  |9 601086 
700 0 |a Whinston, Michael D  |e author  |9 601087 
700 0 |a Green, Jerry R  |e author  |9 601088 
245 1 0 |a Microeconomic: theory 
250 |a 1a. ed 
300 |a 981 p 
942 |c BK 
945 |d 20181220 17:39:00  |a dcastane 
260 |a Nueva York  |b Oxford University Press  |c 1995 
650 0 |a Teoría económica  |9 315055 
650 0 |a Microeconomía  |9 258126 
650 0 |a Modelos matemáticos   |9 259437 
583 |a last modification  |c 20181220 17:39:00  |k Rodrigo Vera 
999 |c 373526  |d 373524 
952 |0 0  |1 0  |3 erd  |4 0  |6 338_521000000000000_MAS_1995  |7 0  |8 A  |9 491654  |a BIBING  |b BIBING  |i 552377K  |o 338.521 MAS 1995  |p 552377K  |r 2025-01-20  |w 2019-11-24  |y BK  |z Catalogado en:20181220  |k EII 
952 |0 0  |1 0  |3 erd  |4 0  |6 338_521000000000000_MAS_1995  |7 0  |8 A  |9 491655  |a BIBING  |b BIBING  |i 5523761  |o 338.521 MAS 1995  |p 5523761  |r 2025-01-20  |w 2019-11-24  |y BK  |z Catalogado en:20181220  |k EII